00626nam a22001575i 4500001000700000003000900007005001700016008004100033080001200074100004800086245018900134260004600323300002500369651004900394852002500443169320ES-MaACL20231216062910.0080901s1992 sp |||| | spa d a970/9801 aPérez de Tudela y Bueso, Juan,d1922-200414aLos Reyes Católicos y la oferta de Cristobal Colón b: apunte introductorio a una historia tergiversada acerca de un horizonte de encubrimientos / cJuan Pérez de Tudela y Bueso. aMadrid : bEditorial Complutense, c1992. aP. [9]-46 ; c24 cm. 4aAmérica-xDescubrimientos y exploraciones. aES-MaACLj2233-F-19